| 000 | 00895nam a2200145 4500 | ||
|---|---|---|---|
| 007 | 709.861 T147a | ||
| 008 | 9789585767133 | ||
| 082 |
_a709.861 _bT147a |
||
| 100 |
_aGutiérrez-Castañeda, David et al _96652 |
||
| 245 |
_aArte y disidencia política: _bmemorias del Taller 4 Rojo |
||
| 260 |
_aColombia _bTaller Historia Crítica del Arte _c2016 |
||
| 300 |
_a548 p. _bill (col) _c23 x 17 cm |
||
| 505 |
_tAgradecimientos _tIntroducción _tSiete tesis sobre el Taller 4 Rojo _t(uno) Trayectorias _t(dos) Fundaciones _t(tres) Procesos - Activismos poético político _t(cuatro) Los movimientos sociales y políticos _t(cinco) La Universidad Nacional - La docencia _t(seis) Disensos y disolución _tÍndice alfabético _tEntrevista a: Carlos Granada, Diego Arango, Umberto Giangrandi, Jorge Mora, Fabio Rodríguez Amaya |
||
| 650 |
_xArte contemporáneo _xColombia _xCrítica e interpretación _xarte y política _96653 |
||
| 999 |
_c1606 _d1606 |
||